| 000 | 00435nam a22001577a 4500 | ||
|---|---|---|---|
| 003 | OSt | ||
| 005 | 20130611113310.0 | ||
| 008 | 130611s2000 sp ||||| |||| 00| 0 spa d | ||
| 040 | _cCDMR | ||
| 100 | 1 |
_93739 _aArias Vega, Enrique |
|
| 245 | 1 | 0 |
_aDe Salamanca y desde Salamanca _cEnrique Arias Vega |
| 260 |
_aSalamanca _b[Caja Duero] _c2000 |
||
| 300 | _a242 p. | ||
| 600 | 1 |
_93739 _aArias Vega, Enrique _vRecull d'escrits |
|
| 942 |
_2udc _cMON |
||
| 999 |
_c6440 _d6440 |
||